| 000 | 01559 a2200229 4500 | ||
|---|---|---|---|
| 003 | Nust | ||
| 005 | 20230307094745.0 | ||
| 010 | _a 76009336 | ||
| 020 | _a0224011618 | ||
| 040 | _cNust | ||
| 082 | 0 | 0 | _a355.02,DIX |
| 100 | 1 |
_aDixon, Norman F. _948778 |
|
| 245 | 1 | 0 |
_aOn the psychology of military incompetence / _cNorman Dixon ; with a foreword by Shelford Bidwell. |
| 260 |
_aNew York : _bBasic Books, _cc1976. |
||
| 300 |
_a447 p. ; _c22 cm. |
||
| 505 | _aIntroduction (Page-17), Generalship (Page-27), The Crimean War (Page-36), The Boer War (Page-52), Indian Interlude (Page-68), The First World War (Page-80), Cambria (page-86) The Siege of Kut (Page-95), Between the Wars (Page-110), The Second World War (Page-123), Singapore (Page-130), Arnhem (Page-145), Is there a Case to Answer (Page-151), The Intellectual Ability of senior Military Commanders (Page-157), Military Organizations (Page-169), bullshit (Page-176), Socializations and the Anal Character (Page-186), Character and Honour (Page-196), Anti-Effeminacy (Page-208), Leaders of Men (Page-214), Militry achievement (Page-238), Authoritarianism (Page-256), Mother of Incompetence (Page-280), Education and the Cult of Muscular Christianity (Page-288),Individual Differences (Page-305), Extremes of Authoritarianism (Page-309), The Worst and the Best (Page-318), Exceptions to the Rule ? (Page-354), Retreat (Page-393). | ||
| 650 | 0 |
_aGenerals. _937930 |
|
| 650 | 0 |
_aMilitarism. _948779 |
|
| 650 | 0 | _aMilitary history. | |
| 650 | 0 |
_aPsychology, Military. _948633 |
|
| 942 |
_2ddc _cBK |
||
| 999 |
_c185272 _d185272 |
||